LEADER 00917cam0-22003251i-450- 001 990005007750403321 005 20071115123100.0 035 $a000500775 035 $aFED01000500775 035 $a(Aleph)000500775FED01 035 $a000500775 100 $a19990604d1959----km-y0itay50------ba 101 0 $aeng 102 $aIT 105 $ay-------001yy 200 1 $a<>Antonine Monarchy$fby Mason Hammond 210 $aRoma$cAmerican Academy in Rome$d1959 215 $aXI, 525 p.$d26 cm 225 1 $aPapers and Monographs of the American Academy in Rome$v19 676 $a930$v20$zita 700 1$aHammond,$bMason$0182810 801 0$aIT$bUNINA$gRICA$2UNIMARC 901 $aBK 912 $a990005007750403321 952 $a2/IV E 11$bBibl. 34.533$fFLFBC 952 $aCOLLEZIONE 154 (19)$b60758$fFGBC 959 $aFGBC 959 $aFLFBC 996 $aAntonine monarchy$9284001 997 $aUNINA